Erscheinungsjahr von Spielen - Statistiken

Allgemein
  • Dieses Quiz wurde 75 mal gespielt
    74 seit der letzten Aktualisierung
  • Das Durchschnittsergebnis liegt bei 13 aus 21
Antwortstatistiken
Hint Antwort % Korrekt
Grande Theft Auto V 2013
93%
Minecraft 2011
91%
Fortnite 2017
91%
The Legend of Zelda: Breath of the Wild 2017
86%
Cyberpunk 2077 2020
84%
Animal Crossing: New Horizons 2020
79%
Overwatch 2016
74%
Assassin's Creed Valhalla 2020
74%
The Elder Scrolls V: Skyrim 2011
66%
Super Mario Odyssey 2017
64%
Destiny 2 2017
62%
Red Dead Redemption 2 2018
60%
Death Stranding 2019
59%
Genshin Impact 2020
55%
The Witcher 3: Wild Hunt 2015
52%
It Takes Two 2021
48%
Call of Duty: Modern Warfare 2019
40%
Super Mario 64 1996
38%
League of Legends 2009
34%
The Last of Us Part II 2020
33%
Animal Crossing: New Leaf 2012
29%
Keine übereinstimmenden Quizze gefunden
Verteilung der Resultate
Anzahl Personen mit jedem Resultat
Perzentil nach korrekt beantworteten Fragen
Ihre Resultats-Entwicklung
Sie haben dieses Quiz seit der letzten Aktualisierung nicht gespielt